000 00734nam a2200229 a 4500
001 31854
003 BD-RjUL
005 20211209051746.0
008 140422s1952 enk 000 0 eng d
035 _a(BD-RjUL)31942
040 _aANL
_beng
_cANL
_dXNTU
_dBD-RjUL
041 _aeng
082 0 4 _223
_a230.42
_bDOE 1952
100 1 _aDonne, John,
_d1572-1631.
_996956
245 1 0 _aEssays in divinity /
_cby John Donne ; edited by Evelyn M. Simpson.
260 _aOxford :
_bThe Clarendon Press,
_c1952 ;
300 _axxix, 137 p. :
_bfacsim. ;
_c23 cm.
500 _aWith a facsimile of the 1651 title page.
650 0 _aTheology, Doctrinal.
_996957
700 1 _aSimpson, Evelyn Mary,
_d1885-1963.
_996633
942 _2ddc
_cBK
999 _c31854
_d31854